Statistics for Norske Partier (2019)

Click here to take the quiz!

General Stats

  • This quiz has been taken 27 times
  • The average score is 37 of 70

Answer Stats

PartikodePartinavnAntall Kommuner% Correct
FH_VFellesliste {Høyre} - {Venstre}1
100%
FRP_H_VTverrpolitisk liste for {Fremskrittspartiet}, {Høyre} og {Venstre}1
100%
FHFFellesliste for {Høyre} og {Fremskrittspartiet}1
96%
HKVHøyre, Kristelig Folkeparti og Venstre1
96%
V_MDGVenstre/ Miljøpartiet De Grønne1
96%
AKSAM{Ap} og {KrF} samarbeidet1
92%
APArbeiderpartiet346
92%
HFRPHøyre og Fremskrittspartiet1
92%
SRSFListe for {Rødt}, {Senterpartiet} og {partiuavhengige fiskere}1
92%
APKRF{Arbeiderpartiet} og {Kristelig Folkeparti}1
88%
RV_SVFelleslista for {Sosialistisk Venstreparti} og {Rødt}1
88%
FSVRFelleslista {SV - Sosialistisk Venstreparti} og {Rødt}1
88%
SPKRFFellesliste for {Senterpartiet} og {Kristelig Folkeparti}1
88%
SVRØFellesliste for {SV - Sosialistisk Venstreparti} og {Rødt}1
88%
SVRTFellesliste {SV - Sosialistisk Venstreparti} og {Rødt}1
88%
HHøyre309
88%
SE_H_KRFHøyre og Kristelig Folkeparti1
88%
SVRA{Sosialistisk} Fellesliste av {SV} og {Rødt}1
88%
SVMDGSV - Sosialistisk Vensteparti og Miljøpartiet De Grønne1
88%
VVenstre222
88%
KRFVOVenstre/ Kristelig Folkeparti1
88%
APSPKL{Arbeiderpartiet}-{Senterpartiet}-Kvitsøylisten1
85%
FRPSIR{Fremskrittspartiet} og Sirdalslisten1
85%
MDGMiljøpartiet De Grønne174
85%
SP_USamlingslista, {Sp} og uavhengige1
85%
SPSenterpartiet340
85%
FSVRØSV - Sosialistisk Venstreparti og Rødt1
85%
FLKRFFBFelleslista {Kristelig folkeparti}/Frie borgerlige1
81%
FRPFremskrittspartiet248
81%
RØDTRødt139
77%
KRFKristelig Folkeparti224
69%
SVSV - Sosialistisk Venstreparti240
69%
NTBNei til bompenger i Tromsø1
42%
PIRPiratpartiet2
42%
BYMILJØ{Bymiljø}lista1
38%
FNBFolkeaksjonen Nei til mer bompenger11
38%
STYRHvaler Styrbord1
38%
NKPNorges Kommunistiske Parti3
38%
PUSSamhold Lyngen1
38%
SFBSammen for Bamble1
38%
SENTLISentrumslista1
38%
SELISentrumslista1
38%
STTSmøla til Trøndelag1
38%
SOLRSolrenningslista1
38%
SDHSosialdemokratene Hemnes1
38%
XTRA{Xtra}-lista1
38%
DEMNDemokratene13
35%
NTBRNei til bomring1
35%
PPPensjonistpartiet44
35%
KRISTNEPartiet De Kristne54
31%
ALLIAlliansen2
27%
KYSTKystpartiet3
27%
FIFeministisk Initiativ1
19%
SAMESamefolkets Parti2
15%
HELSEHelsepartiet11
12%
LIBSLiberalistene39
8%
SAMVE{Samarbeids}listen1
8%
ARJAÁrja1
4%
BLBedreLarvik1
4%
BYPABypartiet1
4%
DRPDet Rette Parti1
4%
FOSTFolkestyre1
4%
FHFramtida Holtålen1
4%
GIHGlad i Hurdal1
4%
HSFHemnes samfunnsdemokratiske folkeparti1
4%
NYKURSNy Kurs1
4%
OPTIOptimum1
4%
SAMDEMSamfunnsdemokratane1
4%
SAFOSASammen For Sarpsborg1
4%
SELVSelvstendighetspartiet1
4%

Score Distribution

Percentile by Number Answered

Percent of People with Each Score

Your Score History

You have not taken this quiz